000 00488nam a2200181Ia 4500
008 230718s9999 xx 000 0 und d
020 _a9788126518616
041 _aeng
082 _a005.13
_bGHE
100 _aGhezzi C.
_9109760
245 _aProgramming Language Concepts
250 _a3rd ed.
260 _c2014
_bWiley
300 _a427
365 _cRs.
_b539.00
700 _aGhezzi C. & Jazayeri M.
_9109761
906 _dO:0372201-Feb-2017B:SE/SI/368524-Jan-2017
_cCOMP
_b4365.9
999 _c344251
_d344251